000 00806cam a22002655i 4500
001 20649766
003 OSt
005 20190314155259.0
008 180829s2018 ke a b 001 0 eng d
010 _a 2018354553
020 _a9966734775
040 _aDLC
_beng
_erda
_cDLC
042 _alcode
_apcc
050 _aDT433.5
_b.M85 2018
100 1 _aMukhule, Chrispinus.
245 1 4 _aThe Abakhayo origin, clans and traditions /
_cMajor "Rtd" Chrispinus Mukhule.
260 _aNairobi
_c2018
300 _axiii, 245 pages :
_billustrations ;
_c21 cm
504 _aIncludes bibliographical references (pages [231]-235) and index.
650 _aHistory
_vFolklore
_xAbakhayo
650 _aAbakhayo
906 _a0
_bibc
_clcode
_d3
_encip
_f20
_gy-gencatlg
942 _2lcc
_cBK
999 _c53943
_d53943